Clinicall nursing skils:basic to advanced skills. (Record no. 16594)

000 -LEADER
fixed length control field 00485nam a22001697a 4500
008 - FIXED-LENGTH DATA ELEMENTS--GENERAL INFORMATION
fixed length control field 161115b xxu||||| |||| 00| 0 eng d
020 ## - INTERNATIONAL STANDARD BOOK NUMBER
International Standard Book Number 0838515665
020 ## - INTERNATIONAL STANDARD BOOK NUMBER
International Standard Book Number 9780838515662
050 ## - LIBRARY OF CONGRESS CALL NUMBER
Classification number RT 41
Item number .S5826 2000
100 ## - MAIN ENTRY--PERSONAL NAME
Personal name Smith,Sandra F.
245 ## - TITLE STATEMENT
Title Clinicall nursing skils:basic to advanced skills.
250 ## - EDITION STATEMENT
Edition statement 5th ed
260 ## - PUBLICATION, DISTRIBUTION, ETC. (IMPRINT)
Place of publication, distribution, etc. NJ:
Name of publisher, distributor, etc. PrenticeHall,
Date of publication, distribution, etc. 2000.
300 ## - PHYSICAL DESCRIPTION
Extent xxxii,1199p.
650 ## - SUBJECT ADDED ENTRY--TOPICAL TERM
Topical term or geographic name as entry element Nursing.
942 ## - ADDED ENTRY ELEMENTS (KOHA)
Source of classification or shelving scheme
Koha item type Hard Covered Materials
Classification part RT 41 .S5826 2000
Holdings
Withdrawn status Lost status Source of classification or shelving scheme Damaged status Not for loan Home library Current library Shelving location Date acquired Source of acquisition Total Checkouts Full call number Barcode Date last seen Price effective from Koha item type
          MACHAKOS UNIVERSITY LIBRARY MACHAKOS UNIVERSITY LIBRARY Open shelf 15/11/2016 Donation(B.F.A)   RT 41 .S5826 2000 27255 15/11/2016 15/11/2016 Hard Covered Materials
© Machakos University Library, Along The Highway, Machakos Wote Rd, Machakos, Kenya P.O. Box 136 - 90100 Machakos - Kenya

Tel: ( +254 ) 723 805829 OR Fax : 044-20353 OR Email: library@mksu.ac.ke